Lecture notes. Clinical anaesthesia (Record no. 31960)

MARC details
000 -LEADER
fixed length control field 00497nam a2200193Ia 4500
020 ## - INTERNATIONAL STANDARD BOOK NUMBER
ISBN 9781119119821
050 ## - CALL MARK
Classification number RD 81 .G85/
100 ## - STATEMENT OF RESPONSIBILITY--MAIN AUTHOR NAME
Personal name Gwinnutt, Carl L
245 #0 - TITLE STATEMENT
Title Lecture notes. Clinical anaesthesia
250 ## - EDITION / VOLUME STATEMENT
Edition / Volume statement 5th ed
260 ## - PUBLICATION, DISTRIBUTION, ETC. (IMPRINT)
Place of publication Chichester, West Sussex, UK
260 ## - PUBLICATION, DISTRIBUTION, ETC. (IMPRINT)
Name of publisher John Wiley & Sons Inc
260 ## - PUBLICATION, DISTRIBUTION, ETC. (IMPRINT)
Year of publication 2017
300 ## - PHYSICAL DESCRIPTION
Number of Pages 180 p
650 ## - SUBJECT ADDED ENTRY--TOPICAL TERM
Topical Term Anesthesia Anesthetics
942 ## - ADDED ENTRY ELEMENTS (KOHA)
Koha item type Books
Holdings
Withdrawn status Lost status Source of classification or shelving scheme Damaged status Not for loan Permanent Location Current Location Shelving location Date acquired Accession Number Price effective from Koha item type
    Library of Congress Classification     Asokoro Library Asokoro Library Items on shelf 04/23/2025 0193763 04/23/2025 Books